| 000 | 00552nmm a2200169Ia 4500 | ||
|---|---|---|---|
| 008 | 251105s9999||||xx |||||||||||||||||und|| | ||
| 020 | _a9788499401638 | ||
| 041 | _aspa | ||
| 100 | _aSánchez Cuervo, Antolín C. | ||
| 245 | 0 |
_aPensamiento exiliado espanol : _b El legado filosófico del 39 y su dimensión iberoamericana |
|
| 264 |
_a[Madrid, España] : _bBiblioteca Nueva, _c2010 |
||
| 300 | _a329 páginas | ||
| 490 | _aRazón y Sociedad | ||
| 650 | _aCultural Studies | ||
| 856 | _uhttps://public.digitaliapublishing.com/a/10032 | ||
| 942 | _cCF | ||
| 999 |
_c92593 _d92593 |
||